00580nam a2200181Ia 4500003000900000008004100009020001800050040001600068080001600084100002000100245012000120260004300240300001600283650004100299650001400340650002500354700001900379IN-BaIIA211028s9999 xx 000 0 eng d a3-7186-0566-X cIIA Library a52-728bKIM aKim, Chung Wook 0aNeutrinos in physics and astrophysicscChung Wook Kim and Aihud Pevsner  aUSAbHarwood Academic Publishersc1993 axxvi, 429p. aAstronomy and astrophysics thesaurus aNeutrinos aNuclear astrophysics aPevsner, Aihud